[Event "Oberliga Ost-A 9495"]
[Site "Germany"]
[Date "1995.??.??"]
[Round "?"]
[White "Schaller, Sven"]
[Black "Dietze, Wolfgang"]
[Result "0-1"]
[WhiteElo "2295"]
[BlackElo "2260"]
[PlyCount "72"]
[EventDate "1994.10.??"]
[EventType "team"]
[EventRounds "9"]
[EventCountry "GER"]
[SourceTitle "GER"]
[Source "ChessBase"]
[SourceDate "1999.07.01"]
[SourceVersion "1"]
[SourceVersionDate "1999.07.01"]
[SourceQuality "1"]

1. Nf3 d5 2. g3 Nf6 3. Bg2 Nbd7 4. c4 e5 5. cxd5 Nxd5 6. 0-0 Be7 7. Nc3 Nxc3 8. bxc3 0-0 9. d3 c6 10. Nd2 Re8 11. Nc4 Bf8 12. Qc2 Nb6 13. Nd2 Bg4 14. Ne4 h6 15. f4 Nd5 16. h3 Bc8 17. fxe5 Rxe5 18. d4 Re6 19. c4 Nf6 20. Nxf6+ Rxf6 21. Bb2 Rxf1+ 22. Rxf1 Be6 23. Kh2 Rc8 24. Qd3 Qb6 25. Ba1 Qa6 26. Be4 Qxc4 27. Qf3 Bd5 28. Bxd5 Qxd5 29. Qg4 Re8 30. Kg1 Re3 31. Bb2 Bd6 32. Rf3 Rxe2 33. Bc1 Re1+ 34. Rf1 Rxf1+ 35. Kxf1 Qh1+ 36. Ke2 Qxc1 0-1

[Event "BL2-Ost 9394"]
[Site "Germany"]
[Date "1994.??.??"]
[Round "?.3"]
[White "Lorenz, Gerd"]
[Black "Dietze, Wolfgang"]
[Result "0-1"]
[WhiteElo "2235"]
[BlackElo "2285"]
[PlyCount "88"]
[EventDate "1993.10.??"]
[EventType "team-tourn"]
[EventRounds "9"]
[EventCountry "GER"]
[SourceTitle "GER-chT2"]
[Source "ChessBase"]
[SourceDate "1999.07.01"]
[SourceVersion "1"]
[SourceVersionDate "1999.07.01"]
[SourceQuality "1"]
[WhiteTeam "Chemnitz Lok"]
[BlackTeam "Halle"]
[WhiteTeamCountry "GER"]
[BlackTeamCountry "GER"]

1. Nf3 d5 2. g3 Nf6 3. Bg2 g6 4. 0-0 Bg7 5. d3 0-0 6. Nbd2 Re8 7. e4 e5 8. exd5 Nxd5 9. Re1 Nc6 10. Nc4 Nb6 11. Bg5 f6 12. Nxb6 axb6 13. Bd2 Bg4 14. h3 Be6 15. a3 Bf7 16. Qe2 Qd6 17. Qf1 Rad8 18. Be3 h6 19. Rad1 f5 20. Bc1 Qc5 21. Qe2 Bd5 22. Be3 Qf8 23. c4 Bf7 24. b4 Ra8 25. Bc1 e4 26. Nh2 Nd4 27. Qd2 Rad8 28. Kh1 Nb3 29. Qc2 Nxc1 30. Qxc1 exd3 31. Rxe8 Qxe8 32. Bxb7 c6 33. b5 cxb5 34. cxb5 Qxb5 35. Kg1 Qa5 36. Qc7 Bf6 37. Nf3 Qc5 38. Qf4 Kg7 39. Rc1 Qxa3 40. Rc7 Qd6 41. Ba6 Qxf4 42. gxf4 Kf8 43. Nd2 Be7 44. Kf1 Bb4 0-1

[Event "BL2-Ost 9394"]
[Site "Germany"]
[Date "1994.??.??"]
[Round "?.3"]
[White "Schmitzer, Klaus"]
[Black "Dietze, Wolfgang"]
[Result "1-0"]
[WhiteElo "2320"]
[BlackElo "2285"]
[PlyCount "129"]
[EventDate "1993.10.??"]
[EventType "team-tourn"]
[EventRounds "9"]
[EventCountry "GER"]
[SourceTitle "GER-chT2"]
[Source "ChessBase"]
[SourceDate "1999.07.01"]
[SourceVersion "1"]
[SourceVersionDate "1999.07.01"]
[SourceQuality "1"]
[WhiteTeam "Hofheim"]
[BlackTeam "Halle"]
[WhiteTeamCountry "GER"]
[BlackTeamCountry "GER"]

1. e4 c5 2. Nf3 e6 3. d4 cxd4 4. Nxd4 Nf6 5. Nc3 d6 6. Be3 Be7 7. f3 a6 8. Qd2 d5 9. exd5 Nxd5 10. Nxd5 Qxd5 11. Bd3 Bh4+ 12. g3 Bf6 13. Be4 Qc4 14. Kf2 0-0 15. c3 e5 16. Nb3 Be7 17. Rad1 Qc7 18. g4 Nd7 19. Qc2 Nf6 20. Bd3 h6 21. h4 Nd7 22. g5 h5 23. Be4 Nc5 24. Bxc5 Bxc5+ 25. Nxc5 Qxc5+ 26. Kg2 Qe7 27. Bd5 Be6 28. Qe4 Bxd5 29. Rxd5 Rad8 30. Rhd1 Rxd5 31. Rxd5 Re8 32. c4 g6 33. c5 Qe6 34. b3 Kg7 35. Rd6 Qc8 36. b4 a5 37. a3 axb4 38. axb4 Qa8 39. Qd5 Qa3 40. Rd7 Qb2+ 41. Kg3 Rf8 42. Rxb7 Qa1 43. Kf2 Qb2+ 44. Ke3 Qc3+ 45. Ke4 Qe1+ 46. Kd3 Qb1+ 47. Kc3 Qe1+ 48. Kc2 Qe2+ 49. Kb3 Kh8 50. Re7 e4 51. fxe4 Qf1 52. Rd7 Qb1+ 53. Ka4 Qa1+ 54. Kb3 Qb1+ 55. Ka4 Qa1+ 56. Kb5 Rb8+ 57. Rb7 Ra8 58. c6 Qa4+ 59. Kc5 Qc2+ 60. Qc4 Qh2 61. Qd4+ Kg8 62. c7 Qc2+ 63. Kb6 Rc8 64. Qc5 Qh2 65. e5 1-0

[Event "Staufer op 05th"]
[Site "Schwaebisch Gmuend"]
[Date "1993.??.??"]
[Round "4"]
[White "Arbakov, Valentin"]
[Black "Dietze, Wolfgang"]
[Result "1-0"]
[WhiteElo "2430"]
[BlackElo "2285"]
[PlyCount "97"]
[EventDate "1993.01.??"]
[EventType "swiss"]
[EventRounds "9"]
[EventCountry "GER"]
[SourceTitle "EXT 2001"]
[Source "ChessBase"]
[SourceDate "2000.11.22"]
[SourceVersion "1"]
[SourceVersionDate "2000.11.22"]
[SourceQuality "1"]

1. c4 e6 2. d4 d5 3. Nc3 c5 4. cxd5 exd5 5. Nf3 Nc6 6. Bg5 Be7 7. Bxe7 Ngxe7 8. e3 0-0 9. dxc5 Qa5 10. Rc1 Qxc5 11. Bd3 Qd6 12. 0-0 Qf6 13. Bb5 Rd8 14. Bxc6 bxc6 15. Qd4 Qh6 16. Qc5 Re8 17. Rfe1 Bd7 18. Ne2 Qf6 19. Qc3 Qd6 20. Ned4 Rac8 21. Qc5 Qb8 22. b4 Ng6 23. a3 h6 24. h3 Nf8 25. Qc3 Nh7 26. Nb3 Nf6 27. Nc5 Bf5 28. Nd4 Bg6 29. f3 Qg3 30. Ncb3 Kh7 31. Nc5 Kh8 32. Qd2 Re7 33. Rc3 Ne8 34. Ncb3 Rec7 35. Rec1 Nd6 36. Na5 Nb5 37. Nxb5 cxb5 38. Nc6 Bf5 39. e4 d4 40. Nxd4 Rxc3 41. Rxc3 Rxc3 42. Ne2 Qb8 43. Qxc3 Be6 44. Qe3 Qc7 45. Qc5 Qd7 46. Nd4 Bc4 47. Nf5 Qd1+ 48. Kh2 Kg8 49. Qe5 1-0

[Event "Baden-Baden op"]
[Site "Baden-Baden"]
[Date "1990.??.??"]
[Round "6"]
[White "Dietze, Wolfgang"]
[Black "Lenz, Juergen"]
[Result "0-1"]
[WhiteElo "2305"]
[BlackElo "2305"]
[PlyCount "102"]
[EventDate "1990.08.??"]
[EventType "swiss"]
[EventRounds "9"]
[EventCountry "GER"]
[SourceTitle "GER"]
[Source "ChessBase"]
[SourceDate "1999.07.01"]
[SourceVersion "1"]
[SourceVersionDate "1999.07.01"]
[SourceQuality "1"]

1. d4 Nf6 2. Nf3 d6 3. e3 c6 4. b3 Nbd7 5. Bb2 a5 6. Be2 g6 7. 0-0 Bg7 8. c4 0-0 9. Nc3 Re8 10. Qc2 e5 11. dxe5 dxe5 12. Rad1 Qe7 13. Na4 e4 14. Nd4 h5 15. Rd2 Ne5 16. Nb6 Rb8 17. Nxc8 Rbxc8 18. Bc3 Qc7 19. b4 axb4 20. Bxb4 Rcd8 21. Rfd1 Nfg4 22. g3 Bh6 23. Qb3 h4 24. Nc2 Rxd2 25. Rxd2 c5 26. Bc3 hxg3 27. hxg3 Nf3+ 28. Bxf3 exf3 29. Qb5 Qb8 30. Qb6 Qc8 31. Rd6 Qf5 32. Rd8 Rf8 33. Ne1 Qe4 34. Rxf8+ Bxf8 35. Qd8 Qxc4 36. Qd2 Qe4 37. Qd1 Nxe3 38. Qxf3 Qxf3 39. Nxf3 Nd5 40. Be5 f6 41. Ba1 b5 42. Kf1 Kf7 43. a3 Ke6 44. Ke2 Be7 45. Kd2 g5 46. g4 f5 47. gxf5+ Kxf5 48. Bb2 g4 49. Ne1 Ke4 50. Ke2 Nf4+ 51. Kd2 Bh4 0-1

[Event "Szekszard op"]
[Site "Szekszard"]
[Date "1989.??.??"]
[Round "6"]
[White "Dietze, Wolfgang"]
[Black "Okhotnik, Vladimir"]
[Result "0-1"]
[WhiteElo "2315"]
[BlackElo "2395"]
[PlyCount "98"]
[EventDate "1989.??.??"]
[EventType "swiss"]
[EventRounds "9"]
[EventCountry "HUN"]
[SourceTitle "TD"]
[Source "ChessBase"]
[SourceDate "1994.03.01"]
[SourceVersion "1"]
[SourceVersionDate "1994.03.01"]
[SourceQuality "1"]

1. d4 d6 2. Nf3 Bg4 3. e3 Nf6 4. Be2 e6 5. h3 Bh5 6. 0-0 Be7 7. c4 Nbd7 8. Nc3 0-0 9. b3 d5 10. Bb2 c6 11. Ne5 Bxe2 12. Qxe2 Nxe5 13. dxe5 Nd7 14. cxd5 cxd5 15. e4 d4 16. Nb5 Nxe5 17. Nxd4 Qb6 18. Rfd1 Rfd8 19. Rac1 a6 20. Nf3 Ng6 21. Bd4 Qb5 22. Qe3 Ba3 23. Rb1 a5 24. g3 h6 25. Kg2 Rd6 26. Ba1 Rad8 27. Qc3 f6 28. Rxd6 Rxd6 29. b4 Bxb4 30. Qc8+ Nf8 31. e5 Rd3 32. exf6 Qd5 33. fxg7 Qxf3+ 34. Kg1 Rd1+ 35. Rxd1 Qxd1+ 36. Kg2 Qxa1 37. gxf8Q+ Bxf8 38. Qxe6+ Kh8 39. Qd5 a4 40. Qxb7 Qxa2 41. Qa8 Kg8 42. Qe4 a3 43. Qg4+ Bg7 44. Qc8+ Kh7 45. Qa8 Qb3 46. Qe4+ Kg8 47. Qe8+ Bf8 48. Qg6+ Kh8 49. Qf6+ Bg7 0-1

[Event "Szekszard op"]
[Site "Szekszard"]
[Date "1989.??.??"]
[Round "5"]
[White "Piesina, Gintautas"]
[Black "Dietze, Wolfgang"]
[Result "0-1"]
[WhiteElo "2400"]
[BlackElo "2315"]
[PlyCount "58"]
[EventDate "1989.??.??"]
[EventType "swiss"]
[EventRounds "9"]
[EventCountry "HUN"]
[SourceTitle "TD"]
[Source "ChessBase"]
[SourceDate "1994.03.01"]
[SourceVersion "1"]
[SourceVersionDate "1994.03.01"]
[SourceQuality "1"]

1. d4 d5 2. c4 e6 3. Nc3 c5 4. cxd5 exd5 5. Nf3 Nc6 6. g3 Nf6 7. Bg2 Be7 8. 0-0 0-0 9. Bg5 cxd4 10. Nxd4 h6 11. Be3 Ne5 12. Bf4 Ng6 13. Bc1 Qd7 14. b3 b6 15. Bb2 Bb7 16. Qd3 Bc5 17. Rad1 Ne5 18. Qb1 Rad8 19. Na4 Ba6 20. Nf5 Rfe8 21. Bh3 Qb7 22. Nxc5 bxc5 23. f4 Neg4 24. Nxg7 Rxe2 25. Nh5 d4 26. Qf5 Qc6 27. Nxf6+ Nxf6 28. Rf2 Rxf2 29. Kxf2 Bc8 0-1

[Event "Halle BSG Buna GM Turnier-02"]
[Site "Halle-Neustadt"]
[Date "1982.12.05"]
[Round "2"]
[White "Dietze, Wolfgang"]
[Black "Szekely, Peter"]
[Result "1/2-1/2"]
[WhiteElo "2320"]
[BlackElo "2430"]
[PlyCount "30"]
[EventDate "1982.12.04"]
[EventType "tourn"]
[EventRounds "11"]
[EventCountry "DDR"]
[EventCategory "7"]
[SourceTitle "MCD"]
[Source "ChessBase"]
[SourceDate "1999.07.01"]
[SourceVersion "1"]
[SourceVersionDate "1999.07.01"]
[SourceQuality "1"]

1. d4 Nf6 2. Nf3 g6 3. c4 Bg7 4. Nc3 0-0 5. Bg5 d6 6. e3 h6 7. Bh4 c5 8. Be2 Bf5 9. Nd2 cxd4 10. exd4 d5 11. c5 Nc6 12. Nb3 g5 13. Bg3 Ne4 14. 0-0 Nxg3 15. hxg3 Qd7 1/2-1/2

[Event "DDR-ch26 Final"]
[Site "Frankfurt/Oder"]
[Date "1977.02.24"]
[Round "13"]
[White "Espig, Lutz"]
[Black "Dietze, Wolfgang"]
[Result "1-0"]
[WhiteElo "2485"]
[BlackElo "2340"]
[PlyCount "55"]
[EventDate "1977.02.11"]
[EventType "tourn"]
[EventRounds "15"]
[EventCountry "DDR"]
[SourceTitle "EXT 2000"]
[Source "ChessBase"]
[SourceDate "1999.11.16"]
[SourceVersion "1"]
[SourceVersionDate "1999.11.16"]
[SourceQuality "1"]

1. e4 c5 2. Nf3 e6 3. d4 cxd4 4. Nxd4 Nc6 5. Nc3 d6 6. Be3 Nf6 7. Bc4 a6 8. Qe2 Qc7 9. Bb3 Bd7 10. 0-0-0 0-0-0 11. g4 Kb8 12. g5 Ne8 13. f4 Qa5 14. Qf2 Qc7 15. Nxc6+ Qxc6 16. Bb6 Be7 17. Ba4 Qc8 18. Bxd8 Bxd8 19. Bxd7 Qxd7 20. h4 Qc6 21. f5 Ba5 22. Rh3 h6 23. g6 fxg6 24. fxe6 Nf6 25. Qf4 Re8 26. Rxd6 Bc7 27. e5 Nh5 28. Qf7 1-0

[Event "DDR-ch26 Final"]
[Site "Frankfurt/Oder"]
[Date "1977.02.22"]
[Round "11"]
[White "Liebert, Heinz"]
[Black "Dietze, Wolfgang"]
[Result "1/2-1/2"]
[WhiteElo "2435"]
[BlackElo "2340"]
[PlyCount "31"]
[EventDate "1977.02.11"]
[EventType "tourn"]
[EventRounds "15"]
[EventCountry "DDR"]
[SourceTitle "EXT 2000"]
[Source "ChessBase"]
[SourceDate "1999.11.16"]
[SourceVersion "1"]
[SourceVersionDate "1999.11.16"]
[SourceQuality "1"]

1. c4 e5 2. Nc3 d6 3. e3 Nf6 4. Nge2 Be7 5. d4 0-0 6. b3 exd4 7. Nxd4 d5 8. Bb2 c5 9. Nf3 Be6 10. Be2 Nc6 11. cxd5 Nxd5 12. Nxd5 Qxd5 13. Qxd5 Bxd5 14. 0-0 Rad8 15. Rfd1 Be4 16. Ne1 1/2-1/2

[Event "DDR-ch26 Final"]
[Site "Frankfurt/Oder"]
[Date "1977.02.11"]
[Round "1"]
[White "Knaak, Rainer"]
[Black "Dietze, Wolfgang"]
[Result "1-0"]
[WhiteElo "2500"]
[BlackElo "2340"]
[PlyCount "79"]
[EventDate "1977.02.11"]
[EventType "tourn"]
[EventRounds "15"]
[EventCountry "DDR"]
[SourceTitle "EXT 2000"]
[Source "ChessBase"]
[SourceDate "1999.11.16"]
[SourceVersion "1"]
[SourceVersionDate "1999.11.16"]
[SourceQuality "1"]

1. d4 d5 2. c4 Bf5 3. cxd5 Bxb1 4. Qa4+ Qd7 5. Qxd7+ Nxd7 6. Rxb1 Ngf6 7. Nf3 Nb6 8. e4 Nxe4 9. Bb5+ Kd8 10. Bd3 Nd6 11. Bf4 h6 12. Kd2 Nxd5 13. Bxd6 exd6 14. Bc4 c6 15. Bxd5 cxd5 16. Rhe1 Be7 17. Re3 Kd7 18. Rb3 b6 19. Rb5 g6 20. a4 Rab8 21. Kd3 a6 22. Rb4 Rhc8 23. Ne1 Rc6 24. Nc2 Bg5 25. Rb3 Rc4 26. Ra1 Bf6 27. Rc3 Rbc8 28. Raa3 R8c6 29. Rxc4 dxc4+ 30. Ke4 d5+ 31. Kxd5 Be7 32. Re3 Rc7 33. Rf3 f5 34. Na3 c3 35. Nc4 c2 36. Rc3 b5 37. axb5 axb5 38. Ne5+ Kc8 39. Nc6 Kd7 40. Rxc2 1-0

[Event "Prague International"]
[Site "Prague"]
[Date "1976.09.10"]
[Round "13"]
[White "Dietze, Wolfgang"]
[Black "Eretova, Kveta"]
[Result "1-0"]
[WhiteElo "2320"]
[BlackElo "2205"]
[PlyCount "81"]
[EventDate "1976.08.28"]
[EventType "tourn"]
[EventRounds "13"]
[EventCountry "CZE"]
[SourceTitle "EXT 2006"]
[Source "ChessBase"]
[SourceDate "2005.11.24"]
[SourceVersion "1"]
[SourceVersionDate "2005.11.24"]
[SourceQuality "1"]

1. Nf3 d6 2. d4 Nf6 3. c4 g6 4. Nc3 Bg7 5. Bg5 0-0 6. e3 h6 7. Bh4 g5 8. Bg3 Nh5 9. Be2 Nxg3 10. hxg3 e6 11. Qc2 Nd7 12. 0-0-0 Re8 13. e4 e5 14. dxe5 Nxe5 15. Nxe5 Rxe5 16. f4 Re8 17. e5 Bd7 18. Rd2 gxf4 19. gxf4 Qc8 20. Qd1 Bf5 21. g4 Bh7 22. Bf3 dxe5 23. f5 e4 24. Nxe4 Rd8 25. Rd5 Rxd5 26. cxd5 Qe8 27. Qd2 Qe5 28. Rxh6 Re8 29. Rh2 Qd4 30. Qxd4 Bxd4 31. Kc2 f6 32. Re2 Re7 33. Kd3 Be5 34. Nc5 b6 35. Ne6 Kh8 36. Be4 Kg8 37. Rg2 Kf7 38. Nd8+ Kg7 39. Nc6 Re8 40. Rc2 Bg8 41. Nxe5 1-0